Normal view
MARC view
Entry Topical Term
001 - CONTROL NUMBER
- control field: 5885
003 - CONTROL NUMBER IDENTIFIER
- control field: ARRUPE
005 - DATE AND TIME OF LATEST TRANSACTION
- control field: 20131218105114.0
008 - FIXED-LENGTH DATA ELEMENTS
- fixed length control field: 131218|| aca||aabn | a|a d
040 ## - CATALOGING SOURCE
- Original cataloging agency: ARRUPE
- Transcribing agency: ARRUPE
150 ## - HEADING--TOPICAL TERM
- Topical term or geographic name as entry element: Dibb, C. Emily; Zimbabwe - Social life & conditions
670 ## - SOURCE DATA FOUND
- Source citation: Work cat.: (ARRUPE): Dibb, C Emily 5884, Ivory, apes and peacocks, 1981